[Event "Feffernitz Raika op 07th"]
[Site "Feffernitz"]
[Date "1998.08.17"]
[Round "?"]
[White "Gallob, Boris"]
[Black "Kofler, Michael"]
[Result "1-0"]
[WhiteElo "1882"]
[BlackElo "1668"]
[PlyCount "45"]
[EventDate "1998.08.??"]
[EventType "swiss"]
[EventRounds "9"]
[EventCountry "AUT"]
[SourceTitle "EXT 2004"]
[Source "ChessBase"]
[SourceDate "2003.11.25"]
[SourceVersion "1"]
[SourceVersionDate "2003.11.25"]
[SourceQuality "1"]

1. c4 g6 2. Nc3 Nf6 3. g3 Nc6 4. Bg2 Bg7 5. Nf3 Rb8 6. 0-0 d6 7. a3 Na5 8. d3 c5 9. b4 Nc6 10. Rb1 b6 11. b5 Na5 12. Bb2 e5 13. Nd2 Bf5 14. Nce4 Bh6 15. f4 Ng4 16. Rf3 0-0 17. h3 Nf6 18. Nxf6+ Qxf6 19. g4 Bxg4 20. hxg4 Bxf4 21. Ne4 Qe6 22. Rxf4 exf4 23. Nf6+ 1-0

[Event "Feffernitz Raika op 05th"]
[Site "Feffernitz"]
[Date "1996.??.??"]
[Round "?"]
[White "Gradischnik, Friedrich"]
[Black "Kofler, Michael"]
[Result "1-0"]
[WhiteElo "1605"]
[BlackElo "1665"]
[PlyCount "70"]
[EventDate "1996.08.??"]
[EventType "swiss"]
[EventRounds "9"]
[EventCountry "AUT"]
[SourceTitle "EXT 2004"]
[Source "ChessBase"]
[SourceDate "2003.11.25"]
[SourceVersion "1"]
[SourceVersionDate "2003.11.25"]
[SourceQuality "1"]

1. Nc3 e5 2. d4 exd4 3. Qxd4 Nc6 4. Qa4 Nf6 5. Bg5 h6 6. Qh4 Be7 7. Nf3 d6 8. e4 Nd7 9. Bxe7 Nxe7 10. 0-0-0 0-0 11. Bd3 Ng6 12. Qg3 Nde5 13. Nxe5 Nxe5 14. Be2 f5 15. f4 Nc6 16. e5 Be6 17. a3 d5 18. Qg6 Qd7 19. Kb1 Ne7 20. Qg3 a6 21. Rd3 c5 22. Qh3 d4 23. Rhd1 Nd5 24. Nxd5 Qxd5 25. b3 Kh7 26. Bf3 Qd7 27. Be2 Bd5 28. Rg3 Qc6 29. Bd3 Qe6 30. Rg5 g6 31. g4 fxg4 32. Rxg4 Rxf4 33. Bxg6+ Kg7 34. Bf5+ Kf7 35. Bxe6+ Bxe6 1-0